Miitopia - Les vivres - Statistiques

Statistiques générales
  • Ce quiz a été pris 24 fois
    22 depuis la dernière actualisation
  • Le résultat moyen est 19 sur 72
Statistiques - réponses
Numéros Vivres % Correct
074 Gelée Baveuse
67%
028 Suc de Papillon
67%
056 Scorpion grillé
56%
031 Champi Sauté
50%
025 Choco-caillou
50%
050 Jambo-gobelin
50%
125 Banshee-larmes
44%
089 Cheesecake
44%
001 Gâteau de Diable
44%
059 Jus de cactus
44%
008 Potion elfique
44%
044 Steak de Golem
44%
047 Cobra frit
39%
034 Délice Ultime
39%
128 Hamburger
39%
109 Kebab
39%
097 Plat pixélisé
39%
168 Bonbombes
33%
012 Gigot royal
33%
053 Gori-protéines
33%
019 Jus de crapaud
33%
009 Pharaosoupe
33%
194 Roboisson
33%
149 Salade de Boïng
33%
062 Sandwich
33%
068 Arachnosushis
28%
005 Brioche ouaf
28%
077 Caramel pétrifié
28%
090 Curry de dinde
28%
093 Glace Stratifiée
28%
137 Hiérotoast
28%
065 Hot-dog d'enfer
28%
083 Limo-Tornade
28%
096 Pizza géothermique
28%
013 Purée pour bébé
28%
106 Ragoût d'épines
28%
080 Sashimeterre
28%
116 Snack de Souris
28%
177 Barbe à nuage
22%
086 Bouclier gratiné
22%
100 Démo-protéines
22%
156 Nuagimauve
22%
187 Plat surgelé
22%
072 Ration spatiale
22%
041 Salade iceberg
22%
016 Serpent Meunière
22%
004 Soupe revigorante
22%
140 Apériplectres
17%
143 Engloutisane
17%
103 Escargot à l'ail
17%
180 Fruits à coque
17%
040 Gâteau à la crème
17%
037 Hobgodonuts
17%
171 Momie séchée
17%
122 Piment poupée
17%
191 Rôti de saurien
17%
022 Thé odorant
17%
174 Biscuit d'art
11%
184 Cacao des neiges
11%
113 Fruit du dragon
11%
188 Griffon Rôti
11%
162 Ossucré
11%
110 Pâtes sauce tomate
11%
159 Régal de la mer
11%
165 Soupe piquante
11%
134 Steak de bœuf
11%
153 Aéromelette
6%
119 Bonbon d'alien
6%
152 Crêpe mystère
6%
183 Dorade grillée
6%
146 Etoiles royales
6%
131 Tartare martelé
6%
Aucun quiz correspondant
Distribution des résultats
% des personnes avec chaque résultat
Percentile par nombre de réponses
Votre historique - résultats
Vous n’avez pas pris ce quiz depuis la dernière actualisation